|
|
|
|
| LEADER |
00000nam0a2200000 4500 |
| 001 |
332096 |
| 005 |
20231102004425.0 |
| 035 |
|
|
|a (RuTPU)RU\TPU\book\357995
|
| 035 |
|
|
|a RU\TPU\book\292386
|
| 090 |
|
|
|a 332096
|
| 100 |
|
|
|a 20170516d1979 k y0rusy5003 ca
|
| 101 |
0 |
|
|a rus
|
| 102 |
|
|
|a RU
|
| 105 |
|
|
|a a z 001zy
|
| 200 |
1 |
|
|a Разведка и бурение на нефть и газ
|e [сборник научных трудов]
|f Государственный научно-исследовательский и проектный институт нефтяной промышленности (УкргипроНИИнефть)
|
| 210 |
|
|
|a Москва
|c Недра
|d 1979
|
| 215 |
|
|
|a 135 с.
|c ил.
|
| 225 |
1 |
|
|a Труды [УкргипроНИИнефть]
|v Вып. 24
|
| 320 |
|
|
|a Библиогр. в конце статей
|
| 606 |
1 |
|
|a Бурение на нефть, разведочное
|2 stltpush
|3 (RuTPU)RU\TPU\subj\30343
|9 53465
|
| 610 |
1 |
|
|a поисковое бурение
|
| 610 |
1 |
|
|a разведочное бурение
|
| 610 |
1 |
|
|a нефть
|
| 610 |
1 |
|
|a газ
|
| 610 |
1 |
|
|a Днепровско-Донецкая впадина
|
| 610 |
1 |
|
|a материальный баланс
|
| 610 |
1 |
|
|a осложнения
|
| 610 |
1 |
|
|a обсадные колонны
|
| 610 |
1 |
|
|a проектирование
|
| 610 |
1 |
|
|a автоматизация
|
| 610 |
1 |
|
|a ЭВМ
|
| 610 |
1 |
|
|a буровое оборудование
|
| 610 |
1 |
|
|a схемы
|
| 675 |
|
|
|a 553.982:550.82
|z rus
|v 3
|
| 712 |
0 |
2 |
|a Государственный научно-исследовательский и проектный институт нефтяной промышленности (УкргипроНИИнефть)
|c (Киев)
|2 stltpush
|3 (RuTPU)RU\TPU\col\18814
|
| 801 |
|
0 |
|a RU
|b RuMRKP
|c 19960705
|g psbo
|
| 801 |
|
1 |
|a RU
|b 63413507
|c 20140916
|
| 801 |
|
2 |
|a RU
|b 63413507
|c 20170602
|g RCR
|
| 942 |
|
|
|c BK
|